00471nam a2200169 a 4500001001300000003000900013005001700022008004100039020002300080082001700103100002000120245006200140260003500202300000900237500003500246700002000281nice12345678IN_TiNIC20260116014451.0070416s1990 cala grp 000 0 eng  a8170460468 c37500a792.094bKAP aKapur, Anuradha aActors, Pilgrims, King and Godsb The Ramlila at Ramnagar aCalcuttabSeagull Books c1990 a248p aincludes index and biblioraphy1 aKapur, Anuradha